000 00261nam a2200121 4500
008 190304b xxu||||| |||| 00| 0 eng d
041 _aeng
080 _a530
100 _a43
101 _aFIZ
245 _aFundamentals of Physics
_cSemat,H
942 _2ddc
_cBK
999 _c54412
_d54412